[Event "CZE-ch U14"]
[Site "Teplice"]
[Date "2023.03.15"]
[Round "6"]
[White "Macosek, Alex"]
[Black "Hobza, Richard"]
[Result "0-1"]
[WhiteElo "1466"]
[BlackElo "1702"]
[PlyCount "70"]
[EventDate "2023.03.11"]
[EventType "swiss"]
[EventRounds "9"]
[EventCountry "CZE"]
[SourceTitle "CBM 213 Extra"]
[Source "ChessBase"]
[SourceDate "2023.05.31"]
[SourceVersion "1"]
[SourceVersionDate "2023.05.31"]
[SourceQuality "1"]

1. g3 e5 2. Bg2 Nc6 3. d3 d5 4. a3 Nf6 5. b4 Be6 6. Bb2 Bd6 7. Nd2 Qd7 8. c4 a6 9. c5 Be7 10. Ngf3 Bh3 11. Bxh3 Qxh3 12. Nxe5 Nxe5 13. Bxe5 Qg2 14. Rf1 0-0 15. Nf3 Ng4 16. Bxc7 Bf6 17. d4 Rfe8 18. Qd3 Re4 19. 0-0-0 Nxf2 20. Rxf2 Qxf2 21. Rd2 Rae8 22. Be5 Bxe5 23. dxe5 Qe3 24. Qxe3 Rxe3 25. Rxd5 Rxe2 26. c6 bxc6 27. Ra5 Rf2 28. Nd4 h6 29. Nxc6 f6 30. Rxa6 fxe5 31. b5 e4 32. b6 e3 33. Nd4 e2 34. Nxe2 Rexe2 35. Kd1 Ra2 0-1

[Event "CZE-chT U12"]
[Site "Jihlava"]
[Date "2022.06.11"]
[Round "4.1"]
[White "Macosek, Alex"]
[Black "Artamonov, Mikhail1111"]
[Result "0-1"]
[WhiteElo "1249"]
[BlackElo "1160"]
[PlyCount "136"]
[EventDate "2022.06.10"]
[EventType "team-swiss"]
[EventRounds "9"]
[EventCountry "CZE"]
[SourceTitle "CBM 209 Extra"]
[Source "ChessBase"]
[SourceDate "2022.09.30"]
[SourceVersion "1"]
[SourceVersionDate "2022.09.30"]
[SourceQuality "1"]
[WhiteTeam "Trinec U12"]
[BlackTeam "Ricany U12"]
[WhiteTeamCountry "CZE"]
[BlackTeamCountry "CZE"]

1. d4 Nf6 2. Bf4 d6 3. e3 g6 4. Bd3 Bg7 5. Nd2 0-0 6. Ngf3 Nbd7 7. 0-0 h6 8. c3 Re8 9. e4 e5 10. Bg3 Re7 11. Re1 Qe8 12. Qc2 b6 13. Re2 Bb7 14. Rae1 Nf8 15. Nc4 exd4 16. cxd4 N6d7 17. Rc1 Ne6 18. d5 Nec5 19. Nxd6 cxd6 20. Bxd6 Nxd3 21. Qxd3 Nc5 22. Bxc5 bxc5 23. Rxc5 Rc8 24. Rxc8 Qxc8 25. Rc2 Qe8 26. Re2 Qa4 27. b3 Ba6 28. bxa4 Bxd3 29. Re3 Bc2 30. Nd2 Bxa4 31. Kf1 Bd4 32. Ra3 Bb5+ 33. Ke1 f5 34. f3 fxe4 35. fxe4 Bb6 36. Kd1 Bc5 37. Ra5 a6 38. a4 Bb4 39. Rxb5 axb5 40. axb5 Bxd2 41. Kxd2 Rxe4 42. Kc3 Kf8 43. b6 Re3+ 44. Kc4 Re1 45. Kc5 Ke7 46. b7 Rc1+ 47. Kb6 Rb1+ 48. Kc6 Kd8 49. h3 h5 50. d6 g5 51. g3 h4 52. g4 Rxb7 53. Kxb7 Kd7 54. Kb6 Kxd6 55. Kb5 Kd5 56. Kb6 Ke4 57. Kc5 Kf4 58. Kd5 Kg3 59. Ke5 Kxh3 60. Kf5 Kg3 61. Kxg5 h3 62. Kf5 h2 63. g5 h1Q 64. Kf6 Qh8+ 65. Kf7 Qh7+ 66. Kf6 Qg8 67. g6 Kh4 68. g7 Kh5 0-1